| 000 | 01276nji a22003137a 4500 | ||
|---|---|---|---|
| 005 | 20100910155023.0 | ||
| 006 | a|||||r|||||00| 0 | ||
| 007 | sd ammalaaahaa | ||
| 008 | 100830t xxu||||| |||| 00| 0 eng d | ||
| 028 |
_aEASD 1714 _bEMI |
||
| 035 | _aGR-02471 | ||
| 040 |
_aSED _cSED |
||
| 100 |
_917455 _aSurinder Kaur |
||
| 245 |
_aShabada & Salokas of guru tech Bahadur ji / (VOL 2 ) _cby Surinder Kaur; music by S Mohinder _h[sound recording] : |
||
| 246 | _aਸ਼ਬਦ & ਸਲੋਕਾ ਓਫ ਗੁਰੂ ਟਚ ਬਹਾਦੁਰ ਜੀ / | ||
| 260 |
_aDum Dum, India _bEMI |
||
| 300 |
_a1 sound disc [Gramophone Recording]: _banalog, 33 1/3 rpm _c12 in. (MP) _fGramophone Record |
||
| 500 | _aBrief Record | ||
| 500 | _aRecord labels : EMI,Red | ||
| 505 | _aSide -1 ਇਹ ਜਾਗ ਮੀਤ ਨਾ ਦੇਖਿਓ ਕੋਈ (Eh Jag meet na dekhio koee) Side ੨ ਗੁਣ ਗੋਬਿੰਦ ਗੈਯੋ ਨਹੀ (Gun Gobind Gaiyo Nahi ) | ||
| 600 |
_aSurinder Kaur _919590 |
||
| 650 |
_aPunjabi Bhajan _zIndia _91186 _xExcerpts |
||
| 650 |
_aVocal Music _919591 |
||
| 700 |
_917416 _aS Mohinder |
||
| 700 | _917456 | ||
| 700 | _919512 | ||
| 942 |
_2ddc _cGR |
||
| 999 |
_c45783 _d45783 |
||